[Event "Athens SAE op"]
[Site "Athens"]
[Date "2001.10.15"]
[Round "3.5"]
[White "Blaxos, Athanasios"]
[Black "Kampitsis, Vasilios"]
[Result "0-1"]
[WhiteElo "2025"]
[BlackElo "1705"]
[PlyCount "68"]
[EventDate "2001.10.08"]
[EventType "swiss"]
[EventRounds "7"]
[EventCountry "GRE"]
[SourceTitle "EXT 2003"]
[Source "ChessBase"]
[SourceDate "2002.11.25"]
[SourceVersion "1"]
[SourceVersionDate "2002.11.25"]
[SourceQuality "1"]

1. e4 c5 2. Nf3 a6 3. c4 Nc6 4. d4 cxd4 5. Nxd4 g6 6. Be2 Bg7 7. Be3 d6 8. 0-0 Nf6 9. Nc3 0-0 10. Rc1 Ne5 11. h3 Bd7 12. f4 Nc6 13. Qd2 Re8 14. Bf3 Rc8 15. Nd5 Nxd5 16. Nxc6 bxc6 17. exd5 c5 18. Be4 f5 19. Bf3 Rb8 20. b3 a5 21. Rb1 Qc7 22. g4 e5 23. dxe6 Bxe6 24. Rbd1 fxg4 25. Bxg4 Bf7 26. Bf2 a4 27. Qxd6 Qxd6 28. Rxd6 axb3 29. axb3 Rxb3 30. Bxc5 Bf8 31. Rc6 Bxc4 32. Bxf8 Bxf1 33. Be6+ Rxe6 34. Rxe6 Bxh3 0-1

[Event "Athens SAE op"]
[Site "Athens"]
[Date "2001.10.13"]
[Round "2.6"]
[White "Lazaridis, Filaretos"]
[Black "Blaxos, Athanasios"]
[Result "1-0"]
[WhiteElo "1825"]
[BlackElo "2025"]
[PlyCount "66"]
[EventDate "2001.10.08"]
[EventType "swiss"]
[EventRounds "7"]
[EventCountry "GRE"]
[SourceTitle "EXT 2003"]
[Source "ChessBase"]
[SourceDate "2002.11.25"]
[SourceVersion "1"]
[SourceVersionDate "2002.11.25"]
[SourceQuality "1"]

1. e4 c5 2. Nf3 d6 3. d4 cxd4 4. Nxd4 Nf6 5. Nc3 a6 6. Be2 e5 7. Nb3 Be7 8. g4 h6 9. Bf3 Be6 10. Be3 b5 11. h3 Nbd7 12. Qd2 Nb6 13. 0-0-0 Nc4 14. Qe2 Nxe3 15. fxe3 Bc4 16. Qf2 Qb6 17. Nd5 Nxd5 18. exd5 Bg5 19. Rhe1 a5 20. Kb1 Bxb3 21. cxb3 Rc8 22. h4 Bf6 23. Rc1 0-0 24. Rc3 Rxc3 25. bxc3 Qd8 26. Rc1 Qc7 27. Qg2 Bxh4 28. Be2 b4 29. Qe4 Bg5 30. Bd3 g6 31. Bc4 Kg7 32. Rf1 Qa7 33. Rf3 Qc7 1-0